European Countries Richer Than European Average - Statistics

General Stats
  • This quiz has been taken 60 times
  • The average score is 17 of 18
Answer Stats
$$$ Country % Correct
$50,810 Finland
100%
$173,680 Monaco
100%
$58,060 Netherlands
100%
$42,240 United Kingdom
100%
$50,590 Belgium
98%
$45,330 France
98%
$73,980 Iceland
98%
$135,670 Luxembourg
98%
$92,650 Norway
98%
$56,360 Sweden
98%
$93,460 Switzerland
98%
$67,800 Denmark
96%
$48,400 Germany
96%
$180,230 Liechtenstein
96%
$102,220 Ireland
94%
$41,720 Andorra
93%
$52,070 Austria
91%
$47,700 San Marino
91%
No matching quizzes found
Score Distribution
Percent of People with Each Score
Percentile by Number Answered
Your Score History
You have not taken this quiz